000 00698nam a22001937a 4500
005 20240930120220.0
010 _aENG-141812
020 _a9789393701558
_c499.00
035 _aEN-125344
037 _bDBAD
082 _a613.25
100 _aThakkar, Vijay
_972189
245 _aEating Less is Making You Fat:
_bHow to Lose Weight Without Starving/
_cBy Vijay Thakkar [and] Forword By Hrithik Roshan
260 _aGurugram
_bHachelle Book Publishing India Pvt Ltd
_c2023
270 _a4th & 5th Floor, Corporate Centre, Plot No. 94, Sector 44
_bGurugram
_e122003
300 _a373p.
_c20cm.(pb)
700 _aRoshan, Hrithik
_eForword
_972190
942 _2ddc
_cEN
_h613.25
_mTHA
999 _c206011
_d206011